000 01977nam0a22003491 4500
001 rc\4594148
005 20260407131321.0
021 _aRU
_b[62-54306]
035 _a(NLR Aleph) 008663157
090 _a9074024
_c9074024
100 _a20130416d1962 |||y0rusy50 ca
101 0 _arus
102 _aRU
105 _aa z |||||
200 1 _aМетодическое руководство по определению физических свойств горных пород и полезных ископаемых
_fПод ред. Н.Б. Дортман, М.Л. Озерской
_gМ-во геологии и охраны недр СССР. Всесоюз. науч.-исслед. геол. ин-т "ВСЕГЕИ". Всесоюз. науч.-исслед. ин-т геофиз. методов разведки "ВНИИГеофизика"
210 _aМосква
_cГосгеологтехиздат
_d1962
215 _a458 с., 4 л. черт.
_cил.
_d22
300 _aНа корешке загл.: Определение физических свойств горных пород
300 _aАвт. глав: А.В. Вейнберг, Н.Б. Дортман, Р.В. Калинина и др.
320 _aБиблиогр.: с. 445-453 (208 назв.)
516 0 _aОпределение физических свойств горных пород
606 _aГорные породы
_xФизико-механические свойства
_2psbo
701 1 _aВейнберг
_bА.В.
701 1 _aКалинина
_bР.В.
701 1 _aДортман
_bН.Б.
_4340
702 1 _aОзерская
_bМ.Л.
_4340
712 0 2 _aВсесоюзный научно-исследовательский геологический институт им. А. П. Карпинского
_cЛенинград
_3RU\NLR\AUTH\889983128
_9462175
801 0 _aRU
_bNLR
_gpsbo
801 1 _aRU
_bELAR
_2rusmarc
852 _aNLR
_j62-5/3740
942 _cBOOK
980 _aNB